Figure out the Lyrics (Beatles 5) Quiz Stats

 Plays Quiz not verified by Sporcle

Score 0/188 Timer 07:00
0 Plays Today
% Correct
and
96.3%
a
96.3%
a
96.3%
a
96.3%
the
96.3%
the
96.3%
the
96.3%
the
96.3%
and
96.3%
the
96.3%
the
96.3%
and
96.3%
A
96.3%
a
96.3%
a
96.3%
the
96.3%
the
96.3%
you
94.9%
You
94.9%
You
94.9%
you
94.9%
you
94.9%
you
94.9%
you
94.9%
you
94.9%
to
83.3%
to
83.3%
to
83.3%
to
83.3%
to
83.3%
to
83.3%
to
83.3%
it
83.1%
it
83.1%
me
82.3%
We
78.7%
is
77.4%
is
77.4%
your
75.9%
your
75.9%
can
72.6%
where
71.3%
what
70.5%
what
70.5%
when
70.3%
when
70.3%
are,
69.2%
are?
69.2%
that
67.9%
know
66.3%
know
66.3%
know
66.3%
know
66.3%
know
66.3%
all
65.5%
all
65.5%
all
65.5%
all
65.5%
all
65.5%
all
65.5%
all
65.5%
so
62.6%
you're
59.9%
% Correct
it's
58.6%
it's
58.6%
have
55.9%
have
55.9%
have
55.9%
have
55.9%
have
55.9%
have
55.9%
have
55.9%
have
55.9%
have
55.9%
have
55.9%
how
53.8%
But
53.5%
But
53.5%
but
53.5%
but
53.5%
but
53.5%
But
53.5%
we're
52%
not
51.7%
too
50.6%
with
43.3%
with
43.3%
time
40.4%
show
40.3%
you'll
40.1%
you'll
40.1%
you'll
40.1%
You'll
40.1%
you'll
40.1%
you'll
40.1%
them
38.2%
them
38.2%
them
38.2%
them
38.2%
them
38.2%
now,
36.1%
now
36.1%
I
35.8%
going
35.8%
going
35.8%
out
34.3%
out
34.3%
out
34.3%
out
34.3%
out
34.3%
yes
29.4%
yes
29.4%
Yes,
29.4%
feel
28.1%
feel
28.1%
heart,
27.3%
heart
27.3%
good
25.8%
good
25.8%
down
23.3%
after
19.6%
after
19.6%
after
19.6%
after
19.6%
after
19.6%
those
18.6%
% Correct
tangerine
18.1%
tangerine
18.1%
Savoy
17.7%
truffle!
17.7%
Savoy
17.7%
truffle!
17.7%
Savoy
17.7%
truffle!
17.7%
Savoy
17.7%
truffle!
17.7%
Savoy
17.7%
truffle!
17.7%
much
16.7%
cream,
15.6%
pineapple
15.1%
pineapple
15.1%
might
14.9%
news,
14.1%
news
14.1%
eat
14%
really
13.8%
tart,
12.8%
head,
12.2%
dessert
11.9%
dessert
11.9%
ginger
11.7%
ginger
11.7%
pulled
11.6%
apart,
11.6%
pulled
11.6%
pulled
11.6%
pulled
11.6%
pulled
11.6%
sweet
11.2%
sling
11.1%
apple
11.1%
sling
11.1%
nice
10.6%
Créme
10.4%
coffee
10.3%
coffee
10.3%
Créme
10.1%
turns
10%
Cool
9.6%
through
9.5%
sour.
9.3%
cherry
9.1%
ob-la-di-bla-da,
9%
coconut
8.8%
Montelimar,
8.7%
Montelimar
8.7%
fudge
7.7%
taste
7.5%
pain
7.5%
fill
7.2%
blues,
6.4%
blows
5.9%
sweat
5.9%
becomes
5.9%
shout
5.3%
aloud!
4.5%
cuts
4%

You're not logged in!

Compare scores with friends on all Sporcle quizzes.
OR
Log In

Show Comments

Extras

Top Quizzes Today


Score Distribution

Your Account Isn't Verified!

In order to create a playlist on Sporcle, you need to verify the email address you used during registration. Go to your Sporcle Settings to finish the process.

Report this User

Report this user for behavior that violates our Community Guidelines.

Details: